[Event "Chigorin Memorial"]
[Site "St Petersburg"]
[Date "2016.10.20"]
[Round "6.26"]
[White "Burmakin, Vladimir"]
[Black "Shuvalova, Polina"]
[Result "1-0"]
[WhiteElo "2545"]
[BlackElo "2393"]
[PlyCount "117"]
[EventDate "2016.10.15"]
[EventType "swiss"]
[EventRounds "9"]
[EventCountry "RUS"]

1. d4 Nf6 2. Nf3 e6 3. g3 d5 4. c4 Be7 5. Bg2 O-O 6. O-O dxc4 7. Qc2 a6 8. a4
Bd7 9. Bg5 Bc6 10. Bxf6 Bxf6 11. Rd1 Bxf3 12. Bxf3 c6 13. a5 Bxd4 14. Nd2 Nd7
15. Nxc4 Ba7 16. Ne5 Nxe5 17. Rxd8 Nxf3+ 18. exf3 Raxd8 19. Rd1 Bd4 20. Qb3 Rd7
21. f4 g6 22. Kg2 Rfd8 23. Rd2 h5 24. Qb4 Bf6 25. Rxd7 Rxd7 26. b3 Be7 27. Qb6
Bd8 28. Qc5 Kg7 29. Qb4 Be7 30. Qb6 Bd8 31. Qb4 Bf6 32. h3 Be7 33. Qb6 Kf8 34.
Kf1 Ke8 35. Ke2 Bf6 36. f3 Bc3 37. g4 h4 38. Qc5 Bf6 39. Qb6 Bd4 40. Qb4 Kd8
41. Qf8+ Kc7 42. Qh6 Bc3 43. Qxh4 Bxa5 44. Qh8 b5 45. h4 Bb6 46. h5 gxh5 47.
gxh5 Bd4 48. Qg8 Bc3 49. h6 Kb6 50. h7 Rd2+ 51. Ke3 Rb2 52. Qxf7 Rxb3 53. Qxe6
Rb1 54. Qh6 a5 55. f5 a4 56. f6 a3 57. h8=Q a2 58. Qb8+ Kc5 59. Qa7+ 1-0

[Event "Chigorin Memorial"]
[Site "St Petersburg"]
[Date "2016.10.20"]
[Round "6.27"]
[White "Brodsky, Michail"]
[Black "Aguera Naredo, Javier"]
[Result "1/2-1/2"]
[WhiteElo "2524"]
[BlackElo "2367"]
[PlyCount "81"]
[EventDate "2016.10.15"]
[EventType "swiss"]
[EventRounds "9"]
[EventCountry "RUS"]

1. d4 Nf6 2. c4 g6 3. Nc3 Bg7 4. e4 d6 5. Be2 O-O 6. Nf3 e5 7. Be3 exd4 8. Nxd4
Re8 9. f3 c6 10. Bf2 d5 11. exd5 cxd5 12. O-O Nc6 13. c5 Re5 14. Bb5 Bd7 15.
Qa4 Rc8 16. Rad1 a6 17. Bxc6 Bxc6 18. Qc2 Nh5 19. Nde2 Bh6 20. Bd4 Re6 21. b4
Qe7 22. Bf2 Re8 23. Nd4 Re5 24. g3 Be3 25. Bxe3 Rxe3 26. Qd2 Qg5 27. Kf2 f5 28.
Nce2 Bb5 29. Rfe1 Bc4 30. a4 Qh6 31. Kg2 f4 32. Nxf4 Nxf4+ 33. gxf4 Qxf4 34.
Rxe3 Qg5+ 35. Kf2 Qh4+ 36. Kg1 Qg5+ 37. Kf2 Qh4+ 38. Kg1 Qg5+ 39. Kf2 Qh4+ 40.
Kg1 Qg5+ 41. Kf2 1/2-1/2

[Event "Chigorin Memorial"]
[Site "St Petersburg"]
[Date "2016.10.20"]
[Round "6.28"]
[White "Gubajdullin, Alexei"]
[Black "Gabrielian, Artur"]
[Result "1/2-1/2"]
[WhiteElo "2367"]
[BlackElo "2524"]
[PlyCount "83"]
[EventDate "2016.10.15"]
[EventType "swiss"]
[EventRounds "9"]
[EventCountry "RUS"]

1. Nf3 Nf6 2. d4 g6 3. Bf4 Bg7 4. e3 O-O 5. Be2 d6 6. O-O b6 7. a4 Nc6 8. h3
Bb7 9. c3 Re8 10. Na3 e5 11. Bh2 exd4 12. exd4 Bh6 13. Ne1 Qe7 14. Bf3 Ne4 15.
d5 Nb8 16. Nd3 Nd2 17. Re1 Qd8 18. Rxe8+ Qxe8 19. Nb5 Qd8 20. Bf4 Bxf4 21. Nxf4
Nxf3+ 22. Qxf3 Nd7 23. Re1 a6 24. Nd4 Qg5 25. Re4 Rf8 26. h4 Qf6 27. Qe3 Ne5
28. Nf3 Re8 29. c4 Nxf3+ 30. Qxf3 Rxe4 31. Qxe4 Kf8 32. b3 Bc8 33. Ne2 Qa1+ 34.
Kh2 Bf5 35. Qd4 Qe1 36. Ng3 Bd7 37. Ne4 Bf5 38. Qh8+ Ke7 39. Qf6+ Ke8 40. Qh8+
Ke7 41. Qf6+ Ke8 42. Qh8+ 1/2-1/2

[Event "Chigorin Memorial"]
[Site "St Petersburg"]
[Date "2016.10.20"]
[Round "6.29"]
[White "Lintchevski, Daniil"]
[Black "Sutormin, Danila"]
[Result "1-0"]
[WhiteElo "2522"]
[BlackElo "2363"]
[PlyCount "37"]
[EventDate "2016.10.15"]
[EventType "swiss"]
[EventRounds "9"]
[EventCountry "RUS"]

1. e4 c5 2. Nf3 e6 3. d4 cxd4 4. Nxd4 Nc6 5. Nc3 Qc7 6. Be2 a6 7. O-O b5 8.
Nxc6 dxc6 9. a4 Bb7 10. axb5 cxb5 11. Nxb5 axb5 12. Bxb5+ Ke7 13. Rxa8 Bxa8 14.
Qd3 Qd6 15. Qe3 Qe5 16. Qa3+ Kf6 17. Qxf8 Qxe4 18. f3 Qxc2 19. Qd8+ 1-0

[Event "Chigorin Memorial"]
[Site "St Petersburg"]
[Date "2016.10.20"]
[Round "6.30"]
[White "Sanzhaev, Darsen"]
[Black "Sviridov, Valery"]
[Result "1/2-1/2"]
[WhiteElo "2353"]
[BlackElo "2518"]
[PlyCount "45"]
[EventDate "2016.10.15"]
[EventType "swiss"]
[EventRounds "9"]
[EventCountry "RUS"]

1. d4 Nf6 2. c4 g6 3. Nc3 d5 4. Bf4 Bg7 5. e3 O-O 6. Rc1 c5 7. dxc5 Be6 8. Nge2
Nc6 9. cxd5 Nxd5 10. Nxd5 Qxd5 11. Qxd5 Bxd5 12. Nc3 Bxc3+ 13. Rxc3 Bxa2 14.
Bb5 Rfd8 15. Ke2 Be6 16. f3 Nb4 17. e4 Rac8 18. Be3 a6 19. Ba4 Na2 20. Rc2 Nb4
21. Rc3 Na2 22. Rc2 Nb4 23. Rc3 1/2-1/2

[Event "Chigorin Memorial"]
[Site "St Petersburg"]
[Date "2016.10.20"]
[Round "6.31"]
[White "Ladva, Ottomar"]
[Black "Sergienko, Sergey"]
[Result "1-0"]
[WhiteElo "2513"]
[BlackElo "2361"]
[PlyCount "77"]
[EventDate "2016.10.15"]
[EventType "swiss"]
[EventRounds "9"]
[EventCountry "RUS"]

1. d4 Nf6 2. c4 e6 3. Nf3 Nc6 4. e3 d6 5. Nc3 g6 6. d5 exd5 7. cxd5 Nb8 8. b3
Bg7 9. Bb2 O-O 10. Rc1 a6 11. g3 Nbd7 12. Bg2 a5 13. O-O Nc5 14. Nd4 Re8 15. a3
Bg4 16. Qc2 Qd7 17. Rfe1 Bh3 18. Bh1 Re7 19. b4 axb4 20. axb4 Na6 21. Qb3 Rae8
22. Rc2 Ng4 23. Na4 b5 24. Nc6 bxa4 25. Qxa4 Bxb2 26. Rxb2 Nb8 27. Nxe7+ Qxe7
28. Rc2 Rc8 29. Qa7 Ne5 30. Rec1 Qf6 31. f4 Ng4 32. Rxc7 Rf8 33. Rc8 Rxc8 34.
Rxc8+ Kg7 35. Qd4 Na6 36. b5 Nc5 37. b6 Ne5 38. Rxc5 Qf5 39. Rc1 1-0

[Event "Chigorin Memorial"]
[Site "St Petersburg"]
[Date "2016.10.20"]
[Round "6.32"]
[White "Timerkhanov, Alexander"]
[Black "Iljiushenok, Ilia"]
[Result "1-0"]
[WhiteElo "2340"]
[BlackElo "2505"]
[PlyCount "81"]
[EventDate "2016.10.15"]
[EventType "swiss"]
[EventRounds "9"]
[EventCountry "RUS"]

1. d4 Nf6 2. Bg5 Ne4 3. Bf4 c5 4. f3 Nf6 5. d5 Nh5 6. Be3 e6 7. Nc3 Nf6 8. Bf4
Nh5 9. Be3 d6 10. Bf2 Be7 11. e3 O-O 12. Bc4 e5 13. g4 Bh4 14. Qd2 Bxf2+ 15.
Qxf2 Nf6 16. Nge2 Ne8 17. Ng3 a6 18. a4 Qh4 19. Bd3 b6 20. O-O g6 21. Kh1 Ra7
22. Rg1 f6 23. Raf1 Raf7 24. Nge4 Qxf2 25. Rxf2 Re7 26. Nd2 Rb7 27. h3 Bd7 28.
f4 b5 29. axb5 axb5 30. f5 g5 31. Ra1 Kf7 32. Ra5 Nc7 33. h4 h6 34. hxg5 hxg5
35. Rh2 Ke7 36. Nce4 Rf7 37. c4 Rb6 38. Ra7 Nba6 39. cxb5 Bxb5 40. Bxb5 Rxb5
41. Rh8 1-0

[Event "Chigorin Memorial"]
[Site "St Petersburg"]
[Date "2016.10.20"]
[Round "6.33"]
[White "Matinian, Nikita"]
[Black "Ofitserian, Boris"]
[Result "1-0"]
[WhiteElo "2495"]
[BlackElo "2351"]
[PlyCount "109"]
[EventDate "2016.10.15"]
[EventType "swiss"]
[EventRounds "9"]
[EventCountry "RUS"]

1. e4 c5 2. Nf3 d6 3. d4 cxd4 4. Nxd4 Nf6 5. Nc3 a6 6. Bg5 Nbd7 7. a4 h6 8. Be3
e6 9. a5 Be7 10. Be2 Qc7 11. Nb3 O-O 12. O-O b5 13. axb6 Nxb6 14. Qd4 Nfd7 15.
Rfd1 Nc5 16. Qb4 Rb8 17. Nxc5 dxc5 18. Qa5 Bb7 19. Bxa6 Ra8 20. Qb5 Bc6 21. Qe2
f5 22. exf5 exf5 23. Qh5 Be8 24. Qh3 f4 25. Bd2 Bd7 26. Qf3 Bc6 27. Qh5 Bxg2
28. Kxg2 Rxa6 29. Rxa6 Qb7+ 30. Qf3 Qxa6 31. Re1 Qa7 32. Qe4 Bg5 33. Qe6+ Kh8
34. f3 Rd8 35. Ne4 Bh4 36. Re2 Qa6 37. Nxc5 Qb5 38. Bc3 Rd6 39. Qe8+ Qxe8 40.
Rxe8+ Kh7 41. Ne6 Nc4 42. Nxf4 Bg5 43. Ne6 Bc1 44. b3 Ne3+ 45. Kh3 Rc6 46. Bxg7
Rxe6 47. Rxe6 Kxg7 48. c4 Nf5 49. b4 Kf7 50. Ra6 h5 51. b5 Ke7 52. c5 Be3 53.
b6 Nd4 54. b7 Bf4 55. Rd6 1-0

[Event "Chigorin Memorial"]
[Site "St Petersburg"]
[Date "2016.10.20"]
[Round "6.34"]
[White "Esipenko, Andrey"]
[Black "Yeletsky, Ivan"]
[Result "0-1"]
[WhiteElo "2490"]
[BlackElo "2340"]
[PlyCount "84"]
[EventDate "2016.10.15"]
[EventType "swiss"]
[EventRounds "9"]
[EventCountry "RUS"]

1. e4 c5 2. Nf3 d6 3. d4 cxd4 4. Nxd4 Nf6 5. Nc3 g6 6. Be2 Bg7 7. O-O O-O 8.
Re1 Nc6 9. Nb3 b6 10. Bf1 Bb7 11. Bg5 h6 12. Bh4 Rc8 13. Nd5 g5 14. Bg3 Nxd5
15. exd5 Nb4 16. c4 b5 17. a3 bxc4 18. axb4 cxb3 19. Qxb3 Rc7 20. h4 Bf6 21.
Ra5 Bc8 22. Rea1 Bd4 23. Bb5 Kg7 24. Bc6 f5 25. Kf1 f4 26. Bh2 Bf5 27. Qc4 Bb6
28. R5a3 Rf6 29. Re1 e5 30. dxe6 Qe7 31. b5 Rxe6 32. Raa1 Qf6 33. Rxe6 Qxb2 34.
Ra2 Qb1+ 35. Re1 Bd3+ 36. Rae2 Qxe1+ 37. Kxe1 Bxc4 38. Re8 Kf7 39. hxg5 hxg5
40. Re4 d5 41. Re5 Kf6 42. Re8 Rh7 0-1

[Event "Chigorin Memorial"]
[Site "St Petersburg"]
[Date "2016.10.20"]
[Round "6.35"]
[White "Zarubitski, Viachaslau"]
[Black "Soffer, Ram"]
[Result "0-1"]
[WhiteElo "2340"]
[BlackElo "2475"]
[PlyCount "114"]
[EventDate "2016.10.15"]
[EventType "swiss"]
[EventRounds "9"]
[EventCountry "RUS"]

1. e4 c5 2. Nf3 e6 3. d4 cxd4 4. Nxd4 Nc6 5. Nc3 Qc7 6. Be3 a6 7. Qf3 d6 8.
Nxc6 bxc6 9. O-O-O Rb8 10. Qg3 Nf6 11. f3 Qb7 12. b3 Qb4 13. Bd2 Qc5 14. Kb2
Nh5 15. Qg5 Qxg5 16. Bxg5 Be7 17. Be3 Nf6 18. Na4 Nd7 19. Bf4 e5 20. Be3 Bb7
21. Bc4 O-O 22. Rd2 Nf6 23. Nc3 h6 24. Rhd1 Rfd8 25. Bb6 Rd7 26. Ba5 Bc8 27. a3
Kf8 28. Na4 Ne8 29. Rd3 Bd8 30. Bd2 Bc7 31. Nc5 dxc5 32. Rxd7 Bxd7 33. Be3 Bd6
34. Bxc5 Bxc5 35. Rxd7 Nd6 36. Bxa6 Ke8 37. Rc7 Rb6 38. Ra7 Rxb3+ 39. cxb3 Bxa7
40. Kc3 Kd7 41. a4 Bd4+ 42. Kd3 Kc7 43. b4 c5 44. bxc5 Bxc5 45. Kc3 Kb6 46. Bd3
Ka5 47. Bc2 Bd4+ 48. Kb3 Bg1 49. h3 Bf2 50. Bd3 Be1 51. g4 Kb6 52. Kc2 g5 53.
Be2 Kc5 54. Ba6 Kb4 55. Kd3 Ka5 56. Bc4 Nxc4 57. Kxc4 Kxa4 0-1

[Event "Chigorin Memorial"]
[Site "St Petersburg"]
[Date "2016.10.20"]
[Round "6.36"]
[White "Swayams, Mishra"]
[Black "Yatzenko, Anton"]
[Result "0-1"]
[WhiteElo "2472"]
[BlackElo "2339"]
[PlyCount "112"]
[EventDate "2016.10.15"]
[EventType "swiss"]
[EventRounds "9"]
[EventCountry "RUS"]

1. d4 Nf6 2. c4 e6 3. Nc3 Bb4 4. f3 O-O 5. a3 Bxc3+ 6. bxc3 Ne8 7. e4 b6 8. Bd3
Ba6 9. f4 f5 10. e5 d5 11. cxd5 Qxd5 12. Nf3 c5 13. O-O Bxd3 14. Qxd3 c4 15.
Qe2 Nc6 16. a4 Nc7 17. Ba3 Rfc8 18. Rab1 Qd7 19. Qxc4 Nd5 20. Qd3 Na5 21. Bb4
Nc4 22. a5 Nxf4 23. Qc2 Ne3 24. Qd2 Nfxg2 25. Qc1 f4 26. Rf2 Qd5 27. Ra1 bxa5
28. Rxa5 Qe4 29. Raa2 Nd5 30. Ng5 Qf5 31. Rxg2 Nxb4 32. Rad2 Nd5 33. Qc2 Rxc3
34. Qxf5 exf5 35. Ne6 Rc1+ 36. Kf2 g6 37. Rg1 Rxg1 38. Kxg1 a5 39. Ra2 a4 40.
Ra3 Kf7 41. Nc5 Nb6 42. h4 h6 43. Kf2 g5 44. Kf3 Rd8 45. Rd3 Nc4 46. hxg5 hxg5
47. Ke2 g4 48. Nxa4 f3+ 49. Kf2 Nxe5 50. Re3 Nc6 51. Nc5 Rxd4 52. Ne6 Rd2+ 53.
Ke1 Ra2 54. Nf4 Nd4 55. Rd3 g3 56. Rxd4 f2+ 0-1

[Event "Chigorin Memorial"]
[Site "St Petersburg"]
[Date "2016.10.20"]
[Round "6.37"]
[White "Kharchenko, Boris"]
[Black "Palchun, Grigory"]
[Result "1/2-1/2"]
[WhiteElo "2464"]
[BlackElo "2336"]
[PlyCount "81"]
[EventDate "2016.10.15"]
[EventType "swiss"]
[EventRounds "9"]
[EventCountry "RUS"]

1. e4 e5 2. Nf3 Nc6 3. Bb5 a6 4. Ba4 d6 5. c3 Bd7 6. d4 Nge7 7. O-O Ng6 8. Re1
Be7 9. Nbd2 O-O 10. Nf1 exd4 11. cxd4 b5 12. Bb3 Na5 13. Bc2 c5 14. Ne3 Nc6 15.
d5 Na5 16. Nf5 Bxf5 17. exf5 Ne5 18. Nd2 Nac4 19. Ne4 Nd7 20. g4 Bf6 21. Rb1
Bd4 22. g5 Ndb6 23. Qh5 f6 24. Kh1 Nxd5 25. g6 h6 26. Rg1 Ra7 27. Rg4 Qe7 28.
Bxh6 gxh6 29. g7 Rf7 30. Rbg1 Rxg7 31. Rxg7+ Qxg7 32. Rxg7+ Rxg7 33. Qxh6 Nxb2
34. Qh5 Nf4 35. Qe8+ Kh7 36. Ng3 Bxf2 37. Qe4 Nh5 38. Qf3 Nxg3+ 39. hxg3 Bxg3
40. Qh5+ Kg8 41. Qe8+ 1/2-1/2

[Event "Chigorin Memorial"]
[Site "St Petersburg"]
[Date "2016.10.20"]
[Round "6.38"]
[White "Enkhnar, Enkhbaatar"]
[Black "Matsenko, Andrei"]
[Result "0-1"]
[WhiteElo "2451"]
[BlackElo "2317"]
[PlyCount "70"]
[EventDate "2016.10.15"]
[EventType "swiss"]
[EventRounds "9"]
[EventCountry "RUS"]

1. Nf3 Nf6 2. c4 e6 3. d4 Bb4+ 4. Bd2 Qe7 5. a3 Bxd2+ 6. Qxd2 O-O 7. g3 d5 8.
Bg2 Nbd7 9. Qc2 c6 10. O-O dxc4 11. Qxc4 e5 12. Nc3 exd4 13. Qxd4 Nb6 14. Qh4
Nbd5 15. Nxd5 Nxd5 16. Qc4 Be6 17. Qc2 Rfd8 18. Rfd1 Qf6 19. Nd4 Nb4 20. Qc5
Na6 21. Qc3 Nc7 22. Qb4 Rab8 23. Rd3 Na6 24. Qc3 Rd7 25. Rad1 Rbd8 26. h4 h6
27. Kh2 Rd6 28. f4 Bg4 29. Kg1 Bxe2 30. Nxe2 Qxc3 31. Rxd6 Qe3+ 32. Kf1 Rxd6
33. Rxd6 Nc5 34. Nc3 Qxg3 35. Rd4 Ne6 0-1

[Event "Chigorin Memorial"]
[Site "St Petersburg"]
[Date "2016.10.20"]
[Round "6.39"]
[White "Drygalov, Andrey"]
[Black "Vlasenko, Miroslav"]
[Result "1-0"]
[WhiteElo "2318"]
[BlackElo "2422"]
[PlyCount "71"]
[EventDate "2016.10.15"]
[EventType "swiss"]
[EventRounds "9"]
[EventCountry "RUS"]

1. e4 Nc6 2. Nf3 d6 3. d4 Nf6 4. Nc3 Bg4 5. Be3 g6 6. h3 Bxf3 7. Qxf3 Bg7 8.
O-O-O e5 9. d5 Nb8 10. g4 a6 11. Kb1 h5 12. Bg5 h4 13. Qe2 Qc8 14. Qe1 Nfd7 15.
Be3 Bf6 16. g5 Be7 17. Rg1 b5 18. Rg4 Qd8 19. Ne2 Nb6 20. Ng1 Rh5 21. Nf3 N8d7
22. Qd2 f5 23. gxf6 Nxf6 24. Rxg6 Qd7 25. Ng5 O-O-O 26. Bxb6 cxb6 27. Be2 Qe8
28. Bxh5 Nxh5 29. Ne6 Kd7 30. Qh6 Nf4 31. Nxf4 exf4 32. Rg7 Kc7 33. Qe6 Rd7 34.
e5 dxe5 35. d6+ Kb8 36. Rg8 1-0

[Event "Chigorin Memorial"]
[Site "St Petersburg"]
[Date "2016.10.20"]
[Round "6.40"]
[White "Tishova, Svetlana"]
[Black "Nguyen, Piotr"]
[Result "0-1"]
[WhiteElo "2317"]
[BlackElo "2418"]
[PlyCount "90"]
[EventDate "2016.10.15"]
[EventType "swiss"]
[EventRounds "9"]
[EventCountry "RUS"]

1. e4 c5 2. Nf3 Nc6 3. Bb5 g6 4. Bxc6 bxc6 5. O-O Bg7 6. Re1 Rb8 7. c3 Nf6 8.
e5 Nd5 9. c4 Nb4 10. d3 O-O 11. Nc3 d5 12. a3 Na6 13. h3 Nc7 14. Na4 Ne6 15.
Ng5 dxc4 16. Nxe6 Bxe6 17. Nxc5 cxd3 18. Qxd3 Qxd3 19. Nxd3 a5 20. Bg5 Bf5 21.
Rad1 Rfd8 22. Nc5 Rxd1 23. Rxd1 Bxe5 24. g4 Bc2 25. Rd2 Rxb2 26. Bxe7 Kg7 27.
Nd7 Bc3 28. Bf8+ Kg8 29. Re2 f5 30. Bh6 Be4 31. Rxb2 Bxb2 32. Bd2 Bxa3 33. Nf6+
Kf7 34. Nxe4 fxe4 35. Bxa5 Ke6 36. Kf1 Kd5 37. Ke2 c5 38. h4 Bc1 39. h5 g5 40.
Kd1 Bf4 41. Kc2 Kc4 42. Bc3 e3 43. fxe3 Bxe3 44. Bf6 Bf4 45. Bg7 Kd5 0-1

[Event "Chigorin Memorial"]
[Site "St Petersburg"]
[Date "2016.10.20"]
[Round "6.41"]
[White "Pryalukhin, Danila"]
[Black "Kazakovskiy, Valeriy"]
[Result "0-1"]
[WhiteElo "2019"]
[BlackElo "2399"]
[PlyCount "92"]
[EventDate "2016.10.15"]
[EventType "swiss"]
[EventRounds "9"]
[EventCountry "RUS"]

1. d4 Nf6 2. Bg5 e6 3. Nd2 h6 4. Bh4 c5 5. e4 g5 6. Bg3 cxd4 7. e5 Nd5 8. h4
gxh4 9. Rxh4 Nc6 10. Ngf3 Rg8 11. Rh3 b6 12. Bc4 Bb7 13. Bxd5 exd5 14. Nb3 Qe7
15. Kf1 O-O-O 16. Nbxd4 Qb4 17. Nxc6 dxc6 18. Qd4 Rg4 19. Qxb4 Rxb4 20. b3 Rg4
21. Nh4 Ba6+ 22. Kg1 Re8 23. Nf5 Re6 24. Rd1 Re4 25. Nd4 Rg6 26. f3 Be2 27.
fxe4 Bxd1 28. exd5 cxd5 29. Bf2 Bg7 30. Nf5 Bg4 31. Rc3+ Kd7 32. Nxg7 Rxg7 33.
Bh4 Bf5 34. Rg3 Rxg3 35. Bxg3 Bxc2 36. Kf2 Be4 37. Bf4 h5 38. g3 d4 39. Bg5 Ke6
40. Bf6 Kd5 41. Ke2 Bb1 42. a3 Bc2 43. b4 Kc4 44. Bg5 Kb3 45. Bc1 Ka2 46. Kd2
Kb1 0-1

[Event "Chigorin Memorial"]
[Site "St Petersburg"]
[Date "2016.10.20"]
[Round "6.42"]
[White "Arslanov, Shamil"]
[Black "Chu, Wei Chao"]
[Result "1/2-1/2"]
[WhiteElo "2398"]
[BlackElo "2268"]
[PlyCount "85"]
[EventDate "2016.10.15"]
[EventType "swiss"]
[EventRounds "9"]
[EventCountry "RUS"]

1. d4 Nf6 2. c4 g6 3. Nc3 Bg7 4. e4 d6 5. Nf3 O-O 6. h3 e5 7. dxe5 dxe5 8. Qxd8
Rxd8 9. Nd5 Nxd5 10. cxd5 c6 11. Bc4 cxd5 12. Bxd5 Nd7 13. Bg5 Rf8 14. Nd2 Nc5
15. Nb3 Ne6 16. Be3 Nf4 17. Bxf4 exf4 18. Ke2 Rb8 19. Kf3 Bxb2 20. Rab1 Be5 21.
Na5 Be6 22. Rhc1 Rfd8 23. Bxe6 fxe6 24. Rb5 Bg7 25. Rxb7 Rd3+ 26. Ke2 Rbd8 27.
Nb3 a5 28. Rcc7 Be5 29. Rc5 Bc3 30. Rb8 Rxb8 31. Kxd3 Be1 32. Rc2 e5 33. Kc4
Kf7 34. Nc5 Rd8 35. f3 Kf6 36. Kb5 Bb4 37. Nb7 Rb8 38. Rc7 h5 39. h4 g5 40.
Rc6+ Kf7 41. Rc7+ Kf6 42. Rc6+ Kf7 43. Rc7+ 1/2-1/2

[Event "Chigorin Memorial"]
[Site "St Petersburg"]
[Date "2016.10.20"]
[Round "6.43"]
[White "Li, Yankai"]
[Black "Khanin, Semen"]
[Result "0-1"]
[WhiteElo "2298"]
[BlackElo "2397"]
[PlyCount "90"]
[EventDate "2016.10.15"]
[EventType "swiss"]
[EventRounds "9"]
[EventCountry "RUS"]

1. e4 c5 2. Nf3 e6 3. d4 cxd4 4. Nxd4 Nc6 5. Nc3 Qc7 6. Be3 a6 7. Be2 Nf6 8.
O-O Be7 9. f4 d6 10. Qe1 Bd7 11. Qg3 O-O 12. Kh1 Nxd4 13. Bxd4 Bc6 14. Rae1 b5
15. Bd3 Rad8 16. a3 Rfe8 17. Re2 Qb7 18. Bxf6 Bxf6 19. e5 Be7 20. f5 exf5 21.
Bxf5 Rf8 22. Ref2 g6 23. e6 Kh8 24. Bg4 f5 25. Bf3 Bf6 26. Bxc6 Qxc6 27. Rd2
Qc4 28. Rfd1 Be5 29. Qf3 Qxe6 30. Qc6 Qc8 31. Qb6 Rde8 32. Rd3 Rf7 33. Rf1 Qb7
34. Qf2 Qc6 35. h3 a5 36. Nd1 Rc7 37. c3 Rce7 38. Ne3 Bg7 39. Nd5 Re2 40. Qa7
Qc4 41. Rdd1 Rxb2 42. Qxa5 Be5 43. Qa7 Qe2 44. Rg1 Qf3 45. Qe3 Rxg2 0-1

[Event "Chigorin Memorial"]
[Site "St Petersburg"]
[Date "2016.10.20"]
[Round "6.44"]
[White "Lesovoi, Evgenij"]
[Black "Huzman, Alexander"]
[Result "0-1"]
[WhiteElo "2261"]
[BlackElo "2577"]
[PlyCount "76"]
[EventDate "2016.10.15"]
[EventType "swiss"]
[EventRounds "9"]
[EventCountry "RUS"]

1. d4 Nf6 2. c4 e6 3. Nf3 d5 4. g3 Bb4+ 5. Bd2 Be7 6. Bg2 O-O 7. O-O Nbd7 8.
Qc2 c6 9. Bf4 a5 10. Nbd2 Nh5 11. e4 Nxf4 12. gxf4 Nf6 13. Qd3 b6 14. Ne5 Bb7
15. Rfd1 dxc4 16. Ndxc4 b5 17. Nd2 Qb6 18. Nb3 a4 19. Nc5 Bxc5 20. dxc5 Qxc5
21. Rac1 Qe7 22. Nxc6 Bxc6 23. Rxc6 Nh5 24. Qf3 Qh4 25. Rc5 Nxf4 26. Rxb5 Rad8
27. Rxd8 Rxd8 28. Bf1 h6 29. Ra5 Rd2 30. Rxa4 e5 31. Ra5 Qf6 32. Qg4 g6 33. Ra3
Rxb2 34. h4 h5 35. Qg3 Rb1 36. Qg5 Qc6 37. Qd8+ Kg7 38. Qa5 Qxe4 0-1

[Event "Chigorin Memorial"]
[Site "St Petersburg"]
[Date "2016.10.20"]
[Round "6.45"]
[White "Kuzmin, Egor"]
[Black "Sunilduth Lyna, Narayanan"]
[Result "0-1"]
[WhiteElo "2259"]
[BlackElo "2536"]
[PlyCount "54"]
[EventDate "2016.10.15"]
[EventType "swiss"]
[EventRounds "9"]
[EventCountry "RUS"]

1. Nf3 Nf6 2. d4 g6 3. Bg5 Bg7 4. Nbd2 O-O 5. e4 d5 6. Bd3 dxe4 7. Nxe4 Nxe4 8.
Bxe4 c5 9. c3 cxd4 10. Nxd4 Qa5 11. Be3 Nd7 12. O-O Nf6 13. Bf3 e5 14. b4 Qd8
15. Nb5 Bd7 16. Nd6 Qc7 17. c4 e4 18. Be2 Be6 19. Nb5 Qe5 20. Bd4 Qg5 21. Qc1
Qh4 22. Qc3 Rad8 23. Rad1 a6 24. Nc7 Bg4 25. Rfe1 Bxe2 26. Rxe2 Qf4 27. Nd5
Nxd5 0-1

[Event "Chigorin Memorial"]
[Site "St Petersburg"]
[Date "2016.10.20"]
[Round "6.46"]
[White "Yuffa, Daniil"]
[Black "Siagodnik, Anton"]
[Result "1-0"]
[WhiteElo "2534"]
[BlackElo "2235"]
[PlyCount "117"]
[EventDate "2016.10.15"]
[EventType "swiss"]
[EventRounds "9"]
[EventCountry "RUS"]

1. d4 f5 2. g3 Nf6 3. Bg2 g6 4. c3 Bg7 5. Qb3 d5 6. Nh3 c6 7. Nd2 Ne4 8. Nf4
Qb6 9. Nf3 O-O 10. h4 Re8 11. Nd3 Nd7 12. h5 e5 13. hxg6 hxg6 14. dxe5 Nxe5 15.
Nfxe5 Bxe5 16. Be3 Qxb3 17. axb3 Bg7 18. Rxa7 Rxa7 19. Bxa7 Bd7 20. Bd4 Ra8 21.
Kd1 Bxd4 22. cxd4 Nd6 23. Kc2 Nb5 24. e3 Kg7 25. Bf3 Be6 26. Be2 Nd6 27. f3 Bd7
28. Ne5 Be6 29. Bd3 Rf8 30. b4 Rc8 31. Rh4 Rf8 32. Kc3 Rc8 33. g4 Rf8 34. g5
Re8 35. Rh1 Nf7 36. b5 cxb5 37. Bxb5 Rc8+ 38. Kd3 Nd6 39. Bd7 Bxd7 40. Nxd7 Ne8
41. b3 Rc6 42. Ra1 Rd6 43. Nc5 Rb6 44. Kc2 Kf7 45. Ra8 Ke7 46. Nd3 Nc7 47. Rg8
Ne6 48. f4 Kf7 49. Rc8 Kg7 50. Ne5 Rd6 51. Kc3 Ra6 52. Re8 Rb6 53. Re7+ Kg8 54.
Rd7 Kf8 55. Nxg6+ Ke8 56. Rxd5 Nc7 57. Re5+ Kd7 58. Nh4 Nb5+ 59. Kd2 1-0

[Event "Chigorin Memorial"]
[Site "St Petersburg"]
[Date "2016.10.20"]
[Round "6.47"]
[White "Abergel, Thal"]
[Black "Lagashin, Pavel"]
[Result "1/2-1/2"]
[WhiteElo "2475"]
[BlackElo "2212"]
[PlyCount "301"]
[EventDate "2016.10.15"]
[EventType "swiss"]
[EventRounds "9"]
[EventCountry "RUS"]

1. e4 c5 2. Nc3 Nc6 3. Bb5 g6 4. Bxc6 dxc6 5. d3 Nh6 6. f4 Bg7 7. Nf3 O-O 8.
O-O f6 9. h3 Nf7 10. Be3 b6 11. Qd2 e5 12. fxe5 Nxe5 13. Nxe5 fxe5 14. Rxf8+
Qxf8 15. Rf1 Qd6 16. Bh6 Be6 17. Bxg7 Kxg7 18. Qg5 Bg8 19. Nd1 Rf8 20. Rxf8
Kxf8 21. Qh6+ Ke7 22. Qg7+ Bf7 23. Qxh7 Qd4+ 24. Kh2 c4 25. Qh4+ Kd7 26. Qf6
Be6 27. Qg7+ Kd6 28. Qxa7 cxd3 29. Qa3+ c5 30. cxd3 g5 31. Qa7 c4 32. Nc3 Qf2
33. Qb8+ Kd7 34. Qxe5 cxd3 35. Qb5+ Ke7 36. Qxd3 Qxb2 37. Qd4 Qc1 38. Qg7+ Ke8
39. Ne2 Qe3 40. Qe5 Kd7 41. Nd4 Bxa2 42. Qb5+ Kd8 43. Qxb6+ Ke8 44. Qb8+ Kf7
45. Qa7+ Kg6 46. Qb6+ Kh7 47. Qc7+ Kg8 48. Qc8+ Kh7 49. Qd7+ Kg8 50. Qe8+ Kh7
51. Qh5+ Kg8 52. Nf3 Qf4+ 53. Kg1 Qe3+ 54. Kh2 Qf4+ 55. g3 Qxe4 56. Qxg5+ Kf7
57. Qd2 Qxf3 58. Qxa2+ Kg7 59. Qd2 Qc6 60. h4 Kh8 61. Qd4+ Kh7 62. Qd3+ Kh8 63.
Qf5 Qb7 64. Kh3 Qc6 65. h5 Qh1+ 66. Kg4 Qc1 67. Qe5+ Kh7 68. Qd5 Kh8 69. Qd8+
Kh7 70. Qd7+ Kh8 71. Qe8+ Kh7 72. Qe7+ Kh8 73. Qd8+ Kh7 74. Qd5 Kh8 75. h6 Qc8+
76. Kg5 Qc1+ 77. Kh4 Qxh6+ 78. Kg4 Qg6+ 79. Kf4 Qf6+ 80. Qf5 Qd4+ 81. Kg5 Qg7+
82. Kh4 Qe7+ 83. Kg4 Qg7+ 84. Qg5 Qd7+ 85. Kh5 Qe8+ 86. Kh6 Qf8+ 87. Kh5 Qe8+
88. Kh4 Qe4+ 89. Qg4 Qh1+ 90. Kg5 Qh6+ 91. Kf5 Qf8+ 92. Ke4 Qb4+ 93. Kf3 Qb3+
94. Kg2 Qd5+ 95. Kh2 Kh7 96. Qe2 Kh6 97. Qe3+ Qg5 98. Qe4 Qg6 99. Qc4 Qf6 100.
Kg2 Qf5 101. g4 Qf6 102. Qc5 Qg5 103. Qd4 Qg7 104. Qd2+ Qg5 105. Qe2 Qd5+ 106.
Kg3 Qd6+ 107. Kh3 Qc6 108. Qf2 Qc3+ 109. Kh4 Kg7 110. Qa7+ Kh8 111. Qe7 Qc1
112. Qe8+ Kh7 113. Qe4+ Kh8 114. Qa8+ Kh7 115. Qb7+ Kh6 116. Qb6+ Kh7 117. Qb7+
Kh6 118. Qe4 Qg5+ 119. Kg3 Qc1 120. Qe6+ Kh7 121. Qd7+ Kh8 122. Qe7 Qd2 123.
Qe4 Qc1 124. Qe8+ Kh7 125. Qh5+ Kg7 126. Qe5+ Kh7 127. g5 Qg1+ 128. Kh4 Qg2
129. Qe7+ Kh8 130. Qe8+ Kg7 131. Qd7+ Kg6 132. Qe6+ Kg7 133. Qf6+ Kg8 134. Qe6+
Kg7 135. Qe7+ Kg6 136. Qf6+ Kh7 137. Qf5+ Kg7 138. Qd3 Qg1 139. Qe4 Qh2+ 140.
Kg4 Qg1+ 141. Kf4 Qf2+ 142. Ke5 Qg3+ 143. Kf5 Qf2+ 144. Kg4 Qg1+ 145. Kf4 Qf2+
146. Ke5 Qg3+ 147. Kf5 Qf2+ 148. Ke6 Qf7+ 149. Kd6 Qg6+ 150. Qxg6+ Kxg6 151.
Kc5 1/2-1/2